书目信息 |
| 题名: |
中国饮食
|
|
| 作者: | 席坤 著 | |
| 分册: | ||
| 出版信息: | 长春 时代文艺出版社 2009.06 |
|
| 页数: | 312页 | |
| 开本: | 24cm | |
| 丛书名: | ||
| 单 册: | ||
| 中图分类: | TS971 | |
| 科图分类: | ||
| 主题词: | 饮食--yin shi--文化--中国--通俗读物 | |
| 电子资源: | ||
| ISBN: | 978-7-5387-2744-9 | |
| 000 | 00737nam0 2200229 450 | |
| 001 | 012010033425 | |
| 005 | 20100103110720.20 | |
| 010 | @a978-7-5387-2744-9@dCNY40.00 | |
| 100 | @a20100103d2009 em y0chiy0120 ea | |
| 101 | 0 | @achi |
| 102 | @aCN@b220000 | |
| 105 | @aa z 000yy | |
| 106 | @ar | |
| 200 | 1 | @a中国饮食@Azhong guo yin shi@f席坤著@Fxi kun zhu |
| 210 | @a长春@c时代文艺出版社@d2009.06 | |
| 215 | @a312页@c图@d24cm | |
| 330 | @a本书主要内容:上古饮食,夏商周饮食,春秋战国饮食,秦汉饮食,三国魏晋南北朝饮食,隋唐饮食,五代及宋朝饮食,金元饮食等。 | |
| 606 | 0 | @a饮食@Ayin shi@x文化@y中国@j通俗读物 |
| 690 | @aTS971@v4 | |
| 701 | 0 | @a席坤@Axi kun@4著 |
| 801 | 0 | @aCN@bQSSK@c20100103 |
| 905 | @b770180-82@dTS971@eX155@f3 | |
| 中国饮食/席坤著.-长春:时代文艺出版社,2009.06 |
| 312页:图;24cm |
| ISBN 978-7-5387-2744-9:CNY40.00 |
| 本书主要内容:上古饮食,夏商周饮食,春秋战国饮食,秦汉饮食,三国魏晋南北朝饮食,隋唐饮食,五代及宋朝饮食,金元饮食等。 |
| ● |
| 相关链接 |
|
|
|
正题名:中国饮食
索取号:TS971/X155
 
预约/预借
| 序号 | 登录号 | 条形码 | 馆藏地/架位号 | 状态 | 备注 |
| 1 | 770180 | 207701806 | 自科库501/501自科库 44排5列2层/ [索取号:TS971/X155] | 在馆 | |
| 2 | 770181 | 207701815 | 自科库501/501自科库 44排5列2层/ [索取号:TS971/X155] | 在馆 | |
| 3 | 770182 | 207701824 | 自科库501/501自科库 44排5列2层/ [索取号:TS971/X155] | 在馆 |